Former Members of the United Nations - Statistics

General Stats
  • This quiz has been taken 174 times
  • The average score is 7 of 12
Answer Stats
Year withdrawn/removed Answer % Correct
1991 Soviet Union
97%
1992 Yugoslavia
97%
1992 Czechoslovakia
82%
1990 East Germany
79%
1971 Taiwan
75%
2006 Serbia and Montenegro
65%
1990 South Yemen
57%
1990 North Yemen
53%
1964 Zanzibar
34%
1971 United Arab Republic
33%
1964 Tanganyika
29%
1963 Malaya
16%
No matching quizzes found
Score Distribution
Percent of People with Each Score
Percentile by Number Answered
Your Score History
You have not taken this quiz